000 00211 a2200085 4500
020 _a9789386210616
100 _aS.S. BHATTI
245 _aARCHITECTURE - THEORY PRACTICE RESEARCH AND PEDAGOGY
260 _bWHITE FALCON
999 _c13032
_d13032